[Event "I Torneo Cerrado Gipuzkoa Kirolak"]
[Site "Donostia"]
[Date "2010.12.26"]
[Round "1"]
[Board "1"]
[White "Etchegaray, Patrice"]
[Black "Velten, Paul"]
[Result "1-0"]
[WhiteElo "2382"]
[BlackElo "2257"]
[PlyCount "0"]
[EventDate "2010.12.26"]
[EventRounds "9"]
[EventCountry "ESP"]

1.e4 e6 2.d4 d5 3.e5 Bd7 4.Nf3 a6 5.Bg5 Ne7 6.c4 h6 7.Bh4 g5 8.Bg3 Bc6 9.c5 Bb5
10.Bxb5+ axb5 11.h4 g4 12.Ng1 Rg8 13.Ne2 Nf5 14.Qd3 Qd7 15.Nbc3 Nc6 16.Nd1 b6
17.cxb6 Nb4 18.Qd2 Qc6 19.b7 Qxb7 20.Ne3 Nxe3 21.fxe3 c5 22.O-O c4 23.Nf4 Nxa2
24.Nh5 Rg6 25.Nf6+ Rxf6 26.Rxf6 b4 27.Raf1 b3 28.Qf2 Ra7 29.Rxe6+ Kd8 30.Qf6+

[Event "I Torneo Cerrado Gipuzkoa Kirolak"]
[Site "Donostia"]
[Date "2010.12.26"]
[Round "1"]
[Board "1"]
[White "Gonzalez De La Torre, Santiago"]
[Black "Martin Alvarez, Inigo"]
[Result "1-0"]
[WhiteElo "2412"]
[BlackElo "2292"]
[PlyCount "0"]
[EventDate "2010.12.26"]
[EventRounds "9"]
[EventCountry "ESP"]

1.e4 g6 2.d4 Bg7 3.Nc3 d6 4.f4 a6 5.Nf3 b5 6.Bd3 Nd7 7.e5 c5 8.Be4 Rb8 9.O-O
cxd4 10.Nxd4 dxe5 11.Nc6 Qb6+ 12.Kh1 Ngf6 13.Nxb8 Qxb8 14.fxe5 Nxe4 15.Nxe4 Nxe5
16.Bf4 O-O 17.Qd4 Bb7 18.Rae1 Rd8 19.Qf2 Ng4 20.Bxb8 Nxf2+ 21.Nxf2 Rxb8 22.Rxe7
Bf6 23.Rd7 Bxb2 24.Nd3 Bc3 25.Rfxf7 Bd5 26.Rxh7 Bxa2 27.Rhe7 a5 28.Ne5 Bxe5
29.Rxe5 a4 30.Ra7 Bc4 31.Rc5 Rf8 32.h4 Rf7 33.Ra6 Kh7 34.Kh2 Rf2 35.c3 Bd3
36.Rc7+ Kh6 37.Ra8 Kh5 38.Kg3

[Event "I Torneo Cerrado Gipuzkoa Kirolak"]
[Site "Donostia"]
[Date "2010.12.26"]
[Round "1"]
[Board "1"]
[White "Gemy, Jose Daniel"]
[Black "Ramiro Ovejero, Juan Luis"]
[Result "1/2-1/2"]
[WhiteElo "2316"]
[BlackElo "2381"]
[PlyCount "0"]
[EventDate "2010.12.26"]
[EventRounds "9"]
[EventCountry "ESP"]

1.d4 d5 2.c4 dxc4 3.Nc3 e5 4.d5 Bd6 5.e4 Ne7 6.Bxc4 O-O 7.g4 Ng6 8.h3 Nd7 9.Nge2
Be7 10.Be3 Bg5 11.Qd2 Bxe3 12.Qxe3 h6 13.O-O-O a6 14.Rhf1 Qg5 15.Kb1 Qxe3
16.fxe3 b5 17.Bb3 Nc5 18.Bc2 Nb7 19.Ng3 Nd6 20.Nf5 Bd7 21.Ne2 f6 22.Neg3 Rf7
23.Bd3 Ne7 24.Nxe7+ Rxe7 25.Rc1 Rc8 26.b4 c6 27.Rc5 cxd5 28.exd5 e4 29.Be2 Re5
30.Kb2 Nb7 31.Rxc8+ Bxc8 32.Rc1 Nd6 33.Rc5 Bb7 34.Kc3 Bxd5 35.Kd4 Bxa2 36.Rxe5
fxe5+ 37.Kxe5 Nf7+ 38.Kd4 Ng5 39.Nxe4 Nxh3 40.Nc5 Ng1 41.Bd1 Bc4 42.Nxa6 Ne2+
43.Kc5 Nc1 44.e4 Kf7 45.Kd6 Nd3 46.e5 g6 47.Bf3 Nf4 48.Nc7 h5 49.gxh5 gxh5
50.Bc6 h4 51.Nxb5 Nd3 52.Nd4 Nxb4 53.Bd7 Nd3 54.Nf3 Nf4 55.Nxh4 Bb3 56.Nf3 Ba2
57.Ng5+ Kg6 58.Nh3 Nxh3 59.Bxh3 Kf7 60.Bg2 Bb3 61.Bd5+ Bxd5 62.e6+

[Event "I Torneo Cerrado Gipuzkoa Kirolak"]
[Site "Donostia"]
[Date "2010.12.26"]
[Round "1"]
[Board "1"]
[White "Astasio Lopez, David"]
[Black "Argandona Riveiro, Inigo"]
[Result "1/2-1/2"]
[WhiteElo "2332"]
[BlackElo "2397"]
[PlyCount "0"]
[EventDate "2010.12.26"]
[EventRounds "9"]
[EventCountry "ESP"]

1.d4 Nf6 2.Nf3 c5 3.c3 e6 4.Nbd2 d5 5.e3 b6 6.Ne5 Bd6 7.f4 O-O 8.Be2 Ba6 9.Nd3
cxd4 10.exd4 Bxd3 11.Bxd3 Bxf4 12.O-O Qc7 13.Kh1 Nbd7 14.Qf3 Bxh2 15.Qh3 Qg3
16.Bxh7+ Nxh7 17.Qxh2 Qxh2+ 18.Kxh2 Nhf6 19.Nf3 Ne4 20.Bf4 f5 21.g3 Kf7 22.Kg2
Rh8 23.Rh1 Kf6 24.Raf1 Rag8 25.Bc7 Rc8 26.Bf4 Rxh1 27.Rxh1 b5 28.a3 a5 29.Ra1 g5
30.Be5+ Kf7 31.Rh1 Kg6 32.Ra1 Rc4 33.Bh8 g4 34.Ne5+ Nxe5 35.Bxe5 b4 36.axb4 axb4
37.Ra6 Ng5 38.Ra8 bxc3 39.bxc3 Kf7 40.Ra7+ Ke8 41.Ra8+ Kd7 42.Ra7+ Kc8 43.Bf4
Ne4 44.Ra6 Nxc3 45.Rxe6 Nb5 46.Re5 Nxd4 47.Rxd5 Kb7 48.Be3 Nc2 49.Bf2 f4 50.gxf4
Rxf4 51.Rb5+ Ka6 52.Rg5 Nb4 53.Kg3 Rf3+ 54.Kg2 Rf4 55.Kg3 Nd3 56.Rd5 Rxf2
57.Rxd3 Rf3+

[Event "I Torneo Cerrado Gipuzkoa Kirolak"]
[Site "Donostia"]
[Date "2010.12.26"]
[Round "1"]
[Board "1"]
[White "Del Rey, Diego"]
[Black "Kovacevic, Slobodan"]
[Result "1-0"]
[WhiteElo "2374"]
[BlackElo "2330"]
[PlyCount "0"]
[EventDate "2010.12.26"]
[EventRounds "9"]
[EventCountry "ESP"]

1.d4 Nf6 2.c4 e6 3.Nf3 c5 4.d5 exd5 5.cxd5 d6 6.Nc3 g6 7.Nd2 Nbd7 8.e4 a6 9.a4
Bg7 10.Be2 O-O 11.O-O Ne5 12.Qc2 Re8 13.Re1 Nfg4 14.Nf1 Qh4 15.Bxg4 Nxg4 16.Bf4
Bd4 17.Bg3 Qf6 18.h3 Ne5 19.Ne2 Bxb2 20.Ra2 Bd4 21.Nxd4 cxd4 22.f4 Nd7 23.Qc7
Qe7 24.Qc4 Nc5 25.e5 b5 26.Qxd4 Nxa4 27.exd6 Qf8 28.Rae2 Rxe2 29.Rxe2 Bf5 30.Re7
Rd8 31.Ne3 Rxd6 32.Qe5 Re6 33.Rxe6 fxe6 34.dxe6 Qc5 35.Qb8+ Qf8 36.Qb7 Bxe6
37.Qxa6 Qe8 38.Qd6 Kf7 39.Bh4 Nb2 40.Qe5 Nc4 41.Qf6+ Kg8 42.Nc2 Bf7 43.Kh2 Qe4
44.Qd8+ Be8 45.Bg3 Kf7 46.Qc7+ Kg8 47.Qd8 Kf7 48.Nd4 Ne3 49.Nf3 h6 50.Ne5+ Kf8
51.Qf6+ Kg8 52.Qe6+ Kf8 53.Nd7+ Bxd7 54.Qxe4 Nf1+ 55.Kg1 Nxg3 56.Qd3 Bxh3
57.Qxg3 Bf5 58.Qc3

[Event "I Torneo Cerrado Gipuzkoa Kirolak"]
[Site "Donostia"]
[Date "2010.12.26"]
[Round "2"]
[Board "1"]
[White "Velten, Paul"]
[Black "Kovacevic, Slobodan"]
[Result "1-0"]
[WhiteElo "2257"]
[BlackElo "2330"]
[PlyCount "0"]
[EventDate "2010.12.26"]
[EventRounds "9"]
[EventCountry "ESP"]

1.d4 Nf6 2.Nf3 c5 3.c4 cxd4 4.Nxd4 a6 5.Nc3 e6 6.g3 Qc7 7.Qd3 b6 8.Bg2 Bb7 9.e4
d6 10.b3 Nbd7 11.Bb2 Be7 12.O-O O-O 13.h3 Rfe8 14.f4 Bf8 15.Rae1 g6 16.Rf2 Rac8
17.Ref1 Bg7 18.g4 e5 19.fxe5 Rxe5 20.Nd5 Nxd5 21.exd5 Re7 22.Nc6 Bxc6 23.Bxg7
Kxg7 24.dxc6 Ne5 25.Qd4 Kg8 26.Rf6 Re6 27.Qd5 Qe7 28.R6f2 Rf8 29.b4 Kg7 30.Qd4
Qa7 31.Bd5 Re7 32.Rf6 Qc7 33.b5 Kg8 34.h4 axb5 35.cxb5 Ra8 36.h5 Ra3 37.Bb3 d5
38.Qxd5 Nxg4 39.Rd6 Kg7 40.Qd4+ Kh6 41.hxg6 hxg6 42.Rf4 f5 43.Rxg4 fxg4 44.Qd2+
Kh7 45.Qh2+ Kg7 46.Qb2+ Kh6 47.Qc1+ Kh5 48.Qxa3 Kh4 49.Be6 Re8 50.Kg2

[Event "I Torneo Cerrado Gipuzkoa Kirolak"]
[Site "Donostia"]
[Date "2010.12.26"]
[Round "2"]
[Board "1"]
[White "Argandona Riveiro, Inigo"]
[Black "Del Rey, Diego"]
[Result "1/2-1/2"]
[WhiteElo "2397"]
[BlackElo "2374"]
[PlyCount "0"]
[EventDate "2010.12.26"]
[EventRounds "9"]
[EventCountry "ESP"]

1.Nf3 d5 2.d4 Nf6 3.c4 dxc4 4.e3 Bg4 5.Bxc4 e6 6.O-O Nbd7 7.Be2 Bd6 8.Nbd2 O-O
9.h3 Bh5 10.Nc4 Be7 11.b3 c5 12.Bb2 a6 13.Rc1 Rc8

[Event "I Torneo Cerrado Gipuzkoa Kirolak"]
[Site "Donostia"]
[Date "2010.12.26"]
[Round "2"]
[Board "1"]
[White "Ramiro Ovejero, Juan Luis"]
[Black "Astasio Lopez, David"]
[Result "1/2-1/2"]
[WhiteElo "2381"]
[BlackElo "2332"]
[PlyCount "0"]
[EventDate "2010.12.26"]
[EventRounds "9"]
[EventCountry "ESP"]

1.e4 c5 2.Nf3 e6 3.b3 Nf6 4.e5 Nd5 5.Bb2 Be7 6.Bc4 O-O 7.Nc3 Nxc3 8.Bxc3 a6 9.a4
Nc6 10.Qe2 f5 11.d4 cxd4 12.Nxd4 Qc7 13.Nxc6 Qxc6 14.f4 Bh4+ 15.Kd2 Be7 16.Kc1
b6 17.Kb2 Bb7 18.Rhd1 Rfc8 19.Qd2 Rc7 20.Bb4 Bxb4 21.Qxb4 Rac8 22.Rac1 h6 23.g3
Kh7 24.Rd6 Qg2 25.Rd2 Qe4 26.Qxb6 Rxc4 27.bxc4 Qxc4 28.Qb3 Qc7 29.c4 Bc6 30.Ka3
Bd5 31.Rdc2 Rb8 32.Qe3 Qa5 33.Rb2 Rxb2 34.Kxb2 Bc6 35.Qc3 Qb6+ 36.Qb3 Qa5 37.Ka3
Qc5+ 38.Qb4 Qe3+ 39.Rc3 Qg1 40.Qb2 Qc5+ 41.Kb3 Qb6+ 42.Ka2 Qa5 43.Ra3 Qc5 44.Qc3
Qf2+ 45.Kb3 Qb6+ 46.Ka2 Qf2+ 47.Qb2 Qc5 48.Qc2 Be4 49.Qc1 Qf2+ 50.Ka1 Qxh2
51.Rb3 Qf2 52.Rc3 Qc5 53.Ka2 Qb4 54.Ra3 a5 55.Ka1 Kg8 56.Ka2 Kh7 57.Ka1 Kg8
58.Ka2

[Event "I Torneo Cerrado Gipuzkoa Kirolak"]
[Site "Donostia"]
[Date "2010.12.26"]
[Round "2"]
[Board "1"]
[White "Martin Alvarez, Inigo"]
[Black "Gemy, Jose Daniel"]
[Result "1-0"]
[WhiteElo "2292"]
[BlackElo "2316"]
[PlyCount "0"]
[EventDate "2010.12.26"]
[EventRounds "9"]
[EventCountry "ESP"]

1.e4 c6 2.d4 d5 3.exd5 cxd5 4.c4 Nf6 5.Nc3 Nc6 6.Nf3 Bg4 7.cxd5 Nxd5 8.Qb3 Bxf3
9.gxf3 Nb6 10.d5 Nd4 11.Bb5+ Nd7 12.Qa4 Nxb5 13.Qxb5 Qc7 14.O-O a6 15.Qa4 Rc8
16.Be3 e5 17.Rac1 Qc4 18.Qxc4 Rxc4 19.Ne4 Rxc1 20.Rxc1 f5 21.Rc8+ Ke7 22.d6+ Ke6
23.Ng5+ Kd5 24.f4 exf4 25.Bxf4 h6 26.Nf7 Rh7 27.Rc7 g5 28.Rxd7 gxf4 29.Rxb7 Rg7+
30.Kf1 Bxd6 31.Nxd6 Rg5 32.Nf7 Rg7 33.Ke2 Rg2 34.Nxh6 Ke5 35.Nf7+ Kf6 36.h4 Rh2
37.Ng5 Rxh4 38.Nf3

[Event "I Torneo Cerrado Gipuzkoa Kirolak"]
[Site "Donostia"]
[Date "2010.12.26"]
[Round "2"]
[Board "1"]
[White "Etchegaray, Patrice"]
[Black "Gonzalez De La Torre, Santiago"]
[Result "0-1"]
[WhiteElo "2382"]
[BlackElo "2412"]
[PlyCount "0"]
[EventDate "2010.12.26"]
[EventRounds "9"]
[EventCountry "ESP"]

1.e4 c5 2.c3 Nf6 3.e5 Nd5 4.d4 cxd4 5.Nf3 e6 6.cxd4 d6 7.Bc4 Nb6 8.Bb3 dxe5
9.Nxe5 Bb4+ 10.Nc3 Nc6 11.Nf3 Nd5 12.Bd2 Nf6 13.O-O O-O 14.Bg5 h6 15.Be3 Na5
16.Bc2 b6 17.Qe2 Bb7 18.Rac1 Rc8 19.Ne5 Bxc3 20.bxc3 Nc4 21.Nxc4 Qd5 22.f3 Ba6
23.Qd2 Bxc4 24.Rfe1 Qh5 25.Bf4 Nd5 26.Bb1 Rfd8 27.Be5 Ne7 28.Qc2 Kf8 29.Qh7 f6
30.Bf4 f5 31.Be5 Qg6 32.Qxg6 Nxg6 33.g4 Nh4 34.Kf2 fxg4 35.fxg4 Rd7 36.Kg3 g5
37.a3 Rf7 38.Be4 Ke7 39.Rc2 Rcf8 40.h3 Bd3 41.Bxd3 Rf3+ 42.Kh2 Rxd3 43.Rec1 Rff3
44.c4 Rxh3+ 45.Kg1 Rxa3 46.c5 Nf3+ 47.Kg2 Nxe5 48.dxe5 Rag3+ 49.Kf2 bxc5 50.Rxc5
Rf3+ 51.Ke2 Kf7 52.Ra5 Ra3 53.Rc7+ Kg6 54.Rcxa7 Rh2+ 55.Kf1 Rxa5 56.Rxa5 Rh4
57.Ra4 h5 58.Ra6 Rxg4 59.Rxe6+ Kf5 60.Rh6 h4 61.Ra6 Rf4+ 62.Kg2 Kxe5 63.Ra5+ Kf6
64.Kh3 Kg6 65.Rb5 Kh5 66.Ra5 Rf3+ 67.Kg2 Rg3+ 68.Kh2 Re3 69.Ra4 Re2+ 70.Kg1 h3
71.Rb4 g4 72.Ra4 Rb2 73.Rc4 g3 74.Rc5+ Kg4 75.Rc4+ Kf5 76.Rc5+ Ke4 77.Rc4+ Kd3
78.Rc1 Kd2 79.Ra1 Rc2

[Event "I Torneo Cerrado Gipuzkoa Kirolak"]
[Site "Donostia"]
[Date "2010.12.27"]
[Round "3"]
[Board "1"]
[White "Gonzalez De La Torre, Santiago"]
[Black "Velten, Paul"]
[Result "1-0"]
[WhiteElo "2412"]
[BlackElo "2257"]
[PlyCount "0"]
[EventDate "2010.12.26"]
[EventRounds "9"]
[EventCountry "ESP"]

1.e4 e6 2.d4 d5 3.Nc3 Nf6 4.e5 Nfd7 5.f4 c5 6.Nf3 Nc6 7.Be3 a6 8.Qd2 b5 9.dxc5
Bxc5 10.Bxc5 Nxc5 11.Bd3 Qb6 12.Qf2 Bb7 13.O-O O-O-O 14.a4 b4 15.a5 Nxa5 16.Na4
Nxa4 17.Rxa4 Qxf2+ 18.Kxf2 Nc6 19.Rfa1 f6 20.Bxa6 Bxa6 21.Rxa6 Kb7 22.Ke3 d4+
23.Kd2 Rd5 24.b3 g5 25.g4 h5 26.exf6 hxg4 27.Nxg5 Rxh2+ 28.Kd3 Rf5 29.Nxe6 Rxf6
30.Nd8+ Kc7 31.Rxc6+ Rxc6 32.Nxc6 Kxc6 33.Ra6+ Kd5 34.Ra5+ Ke6 35.Rg5 Rg2 36.Rb5
g3 37.Rg5 Kf6 38.Kxd4 Rxc2 39.Rxg3 Kf5 40.Rg5+ Kxf4 41.Rb5 Rd2+ 42.Kc4 Ke4
43.Kxb4 Rd4+ 44.Ka5 Kd3 45.Rc5 Rd8 46.b4 Ra8+ 47.Kb5 Rb8+ 48.Ka4 Ra8+ 49.Ra5 Rb8
50.Ra6 Kc4 51.Rc6+ Kd5 52.b5 Ra8+ 53.Kb4 Ra1 54.Rc7 Kd6 55.b6 Rb1+ 56.Ka5 Ra1+
57.Kb5 Rb1+ 58.Ka6 Ra1+ 59.Kb7 Ra2 60.Kb8 Rh2 61.b7 Rh8+ 62.Rc8 Rh1 63.Rc2 Kd7
64.Ra2

[Event "I Torneo Cerrado Gipuzkoa Kirolak"]
[Site "Donostia"]
[Date "2010.12.27"]
[Round "3"]
[Board "1"]
[White "Gemy, Jose Daniel"]
[Black "Etchegaray, Patrice"]
[Result "0-1"]
[WhiteElo "2316"]
[BlackElo "2382"]
[PlyCount "0"]
[EventDate "2010.12.26"]
[EventRounds "9"]
[EventCountry "ESP"]

1.Nf3 Nf6 2.c4 g6 3.Nc3 Bg7 4.g3 O-O 5.Bg2 d6 6.d4 Nbd7 7.O-O e5 8.e4 c6 9.b3
Re8 10.Rb1 exd4 11.Nxd4 Nc5 12.Re1 a5 13.Bb2 Ng4 14.Nc2 Ne5 15.Ba1 a4 16.h3 axb3
17.axb3 Qb6 18.Na4 Nxa4 19.bxa4 Qc5 20.Ne3 Nxc4 21.Nxc4 Qxc4 22.Qxd6 Bxa1
23.Rxa1 Rxa4 24.Rxa4 Qxa4 25.Rd1 Qb3 26.Rd3 Qe6 27.Qc5 Qf6 28.f4 Kg7 29.e5 Qe7
30.Rd6 Be6 31.g4 Qh4 32.Qa3 Qe1+ 33.Kh2 Qf2 34.Qg3 Qxg3+ 35.Kxg3 Re7 36.Kf2 Rd7
37.Ke3 Rxd6 38.exd6 Bd7 39.g5 f6 40.Kd4 b6 41.Bf3 Kf7 42.Bd1 Ke6 43.Bb3+ Kxd6
44.gxf6 Bxh3 45.f7 Ke7 46.Ke5 Bg2

[Event "I Torneo Cerrado Gipuzkoa Kirolak"]
[Site "Donostia"]
[Date "2010.12.27"]
[Round "3"]
[Board "1"]
[White "Astasio Lopez, David"]
[Black "Martin Alvarez, Inigo"]
[Result "1/2-1/2"]
[WhiteElo "2332"]
[BlackElo "2292"]
[PlyCount "0"]
[EventDate "2010.12.26"]
[EventRounds "9"]
[EventCountry "ESP"]

1.d4 Nf6 2.Nf3 e6 3.Nbd2 c5 4.e3 d5 5.c3 Nc6 6.Bd3 Bd6 7.O-O O-O 8.Qe2 Qc7
9.dxc5 Bxc5 10.e4 b6 11.b3 Bd6 12.Bb2 Bb7 13.c4 dxe4 14.Nxe4 Nxe4 15.Qxe4 g6
16.Qh4 f5 17.c5 Be5 18.cxb6 Qd8 19.Qxd8 Rfxd8 20.Nxe5 Nxe5 21.Bxe5 Rxd3 22.bxa7
Rxa7 23.Rfd1 Rd5 24.f4 Rxa2 25.Rxd5 Rxa1+ 26.Bxa1 Bxd5 27.b4 h6 28.h4 Kf7 29.g3
Ke7 30.Kf2 Kd6 31.Bg7 h5 32.Ke3 Kc6 33.Kd4 Kb5 34.Bf8 Bf3 35.Ke5 Bg4 36.Kxe6 Kc6
37.Kf6 Kb5 38.Kxg6 Kc6 39.Kf6 Kb5 40.Ke5 Bh3 41.Kd4

[Event "I Torneo Cerrado Gipuzkoa Kirolak"]
[Site "Donostia"]
[Date "2010.12.27"]
[Round "3"]
[Board "1"]
[White "Del Rey, Diego"]
[Black "Ramiro Ovejero, Juan Luis"]
[Result "1/2-1/2"]
[WhiteElo "2374"]
[BlackElo "2381"]
[PlyCount "0"]
[EventDate "2010.12.26"]
[EventRounds "9"]
[EventCountry "ESP"]

1.e4 d5 2.exd5 Qxd5 3.Nc3 Qa5 4.d4 Nf6 5.Bc4 e6 6.Nf3 Be7 7.O-O c6 8.Bd2 Qd8
9.Qe2 O-O 10.Rad1 b5 11.Bd3 Nbd7 12.Rfe1 Bb7 13.Ne4 Nxe4 14.Bxe4 Nf6

[Event "I Torneo Cerrado Gipuzkoa Kirolak"]
[Site "Donostia"]
[Date "2010.12.27"]
[Round "3"]
[Board "1"]
[White "Kovacevic, Slobodan"]
[Black "Argandona Riveiro, Inigo"]
[Result "0-1"]
[WhiteElo "2330"]
[BlackElo "2397"]
[PlyCount "0"]
[EventDate "2010.12.26"]
[EventRounds "9"]
[EventCountry "ESP"]

1.d4 Nf6 2.Nf3 c5 3.e3 d5 4.c3 Nbd7 5.Nbd2 g6 6.Bd3 Bg7 7.O-O O-O 8.e4 dxe4
9.Nxe4 Nxe4 10.Bxe4 Nf6 11.Bc2 Bg4 12.dxc5 Qc7 13.h3 Be6 14.Be3 Bc4 15.Re1 Rad8
16.Qb1 Nd7 17.Bb3 Ba6 18.Qe4 Bf6 19.Qb4 Rc8 20.Ng5 Nxc5 21.Qh4 Bxg5 22.Bxg5 Nxb3
23.axb3 f6 24.Be3 Rf7 25.Bxa7 Bb5 26.Qb4 Bc6 27.Bb6 Qd7 28.f4 Qd2 29.Bf2 Qd5
30.Kf1 Qxg2+ 31.Ke2 Rd8 32.c4 Qf3+ 33.Kf1 Qxh3+

[Event "I Torneo Cerrado Gipuzkoa Kirolak"]
[Site "Donostia"]
[Date "2010.12.28"]
[Round "4"]
[Board "1"]
[White "Velten, Paul"]
[Black "Argandona Riveiro, Inigo"]
[Result "1/2-1/2"]
[WhiteElo "2257"]
[BlackElo "2397"]
[PlyCount "0"]
[EventDate "2010.12.26"]
[EventRounds "9"]
[EventCountry "ESP"]

1.d4 Nf6 2.g3 d5 3.Bg2 c6 4.Nf3 Bf5 5.O-O h6 6.c4 e6 7.Nc3 Nbd7 8.Nd2 Be7 9.e4
dxe4 10.Ndxe4 O-O 11.Bf4 Nxe4 12.Nxe4 Nf6 13.Nc3 Qb6 14.Qd2 Rfd8 15.Be3 Ng4
16.Kh1 Rd7 17.Qe2 Rad8

[Event "I Torneo Cerrado Gipuzkoa Kirolak"]
[Site "Donostia"]
[Date "2010.12.28"]
[Round "4"]
[Board "1"]
[White "Ramiro Ovejero, Juan Luis"]
[Black "Kovacevic, Slobodan"]
[Result "0-1"]
[WhiteElo "2381"]
[BlackElo "2330"]
[PlyCount "0"]
[EventDate "2010.12.26"]
[EventRounds "9"]
[EventCountry "ESP"]

1.e4 c5 2.b3 e6 3.Bb2 b6 4.Nc3 Bb7 5.f4 a6 6.Nf3 d6 7.Bd3 Nc6 8.O-O Nf6 9.a3 Be7
10.Qe1 O-O 11.e5 Nh5 12.Ne2 g6 13.g4 Ng7 14.Ng3 f5 15.gxf5 exf5 16.exd6 Qxd6
17.Bc4+ Kh8 18.Qe6 b5 19.Bd5 Qxe6 20.Bxe6 Rad8 21.c4 Rd3 22.Bd5 Bf6 23.Bxf6 Rxf6
24.Ne5 Nxe5 25.Bxb7 Nd7 26.cxb5 axb5 27.a4 Rb6 28.Bh1 Rxb3 29.a5 Ra6 30.Rfe1 Rd3
31.Bb7 Ra7 32.a6 Rd6 33.Re7 Nb8 34.Ne2 b4 35.d4 cxd4 36.Rc1 Rd8 37.Nxd4 Nh5
38.Rcc7 Nxa6 39.Bxa6 Rxc7 40.Rxc7 Rxd4

[Event "I Torneo Cerrado Gipuzkoa Kirolak"]
[Site "Donostia"]
[Date "2010.12.28"]
[Round "4"]
[Board "1"]
[White "Martin Alvarez, Inigo"]
[Black "Del Rey, Diego"]
[Result "1-0"]
[WhiteElo "2292"]
[BlackElo "2374"]
[PlyCount "0"]
[EventDate "2010.12.26"]
[EventRounds "9"]
[EventCountry "ESP"]

1.e4 e6 2.d4 d5 3.e5 b6 4.Nf3 Qd7 5.Bd3 Ba6 6.O-O Bxd3 7.Qxd3 Ne7 8.Be3 Nf5 9.c4
c6 10.cxd5 cxd5 11.a3 Be7 12.Nbd2 O-O 13.Rfc1 Rc8 14.Bf4 Bf8 15.g4 Ne7 16.h4
Nbc6 17.Ng5 g6 18.Kg2 Bg7 19.Re1 Na5 20.Rh1 h6 21.Ngf3 Qc6 22.h5 Qc2 23.Qe3 gxh5
24.Bxh6 Qg6 25.Bg5 hxg4 26.Bxe7 gxf3+ 27.Kxf3 Qf5+ 28.Ke2 Nc6 29.Rag1

[Event "I Torneo Cerrado Gipuzkoa Kirolak"]
[Site "Donostia"]
[Date "2010.12.28"]
[Round "4"]
[Board "1"]
[White "Etchegaray, Patrice"]
[Black "Astasio Lopez, David"]
[Result "1/2-1/2"]
[WhiteElo "2382"]
[BlackElo "2332"]
[PlyCount "0"]
[EventDate "2010.12.26"]
[EventRounds "9"]
[EventCountry "ESP"]

1.e4 c5 2.Nf3 e6 3.d4 cxd4 4.Nxd4 Nf6 5.Nc3 Nc6 6.Nxc6 bxc6 7.e5 Nd5 8.Ne4 Qc7
9.f4 Qb6 10.c4 Bb4+ 11.Ke2 Ba6 12.Kf3 f5 13.Nf2 Ne7 14.Be3 Bc5 15.Bxc5 Qxc5
16.Qd6 Qb6 17.b3 Kf7 18.Nd3 Rhd8 19.Qc5 Rac8 20.Be2 Qc7 21.Rad1 Ng6 22.Ke3 Kg8
23.Bh5 Nh8 24.h4 Bb7 25.Nb2 g6 26.Bf3 Nf7 27.Rd2 d6 28.exd6 Rxd6 29.Rxd6 Nxd6
30.Rd1 Nf7 31.Nd3 Rd8 32.Ne5 Rxd1 33.Bxd1 Nxe5 34.fxe5 Qb6 35.Qxb6 axb6 36.Bf3
Kf7 37.b4 Ke7 38.a4 Kd7 39.a5 Kc7 40.axb6+ Kxb6 41.Kd4 h6 42.g4 Bc8 43.g5 hxg5
44.hxg5 Bd7 45.Bd1 Be8 46.Ba4 Bd7 47.Bb3 Bc8 48.Ba4 Bd7 49.Kc3 Be8 50.Kd4 Bd7
51.Bd1 Be8 52.Be2 Bd7 53.Bf3 Be8 54.Be2

[Event "I Torneo Cerrado Gipuzkoa Kirolak"]
[Site "Donostia"]
[Date "2010.12.28"]
[Round "4"]
[Board "1"]
[White "Gonzalez De La Torre, Santiago"]
[Black "Gemy, Jose Daniel"]
[Result "1-0"]
[WhiteElo "2412"]
[BlackElo "2316"]
[PlyCount "0"]
[EventDate "2010.12.26"]
[EventRounds "9"]
[EventCountry "ESP"]

1.e4 e6 2.d4 d5 3.Nc3 Nf6 4.e5 Nfd7 5.f4 c5 6.Nf3 Nc6 7.Be3 a6 8.Qd2 b5 9.dxc5
Bxc5 10.Bxc5 Nxc5 11.Qf2 Qb6 12.b4 Nd7 13.Qxb6 Nxb6 14.a3 Bb7 15.Bd3 g6 16.Kf2
Ke7 17.Ne2 Rac8 18.Rhe1 Na4 19.g3 h5 20.Ke3 Nb8 21.Nfd4 Nc6 22.h3 Nb8 23.Nb3 Nd7
24.Kd4 Ba8 25.Rf1 Ndb6 26.Rf2 Rc4+ 27.Ke3 Rc7 28.Ned4 Rc3 29.Ke2 Nc4 30.Nf3 Nab2
31.Nc5 a5 32.Nd4 Nxd3 33.cxd3 Nxa3 34.Kd2 axb4 35.Na6 Rhc8 36.Nxb4 Bb7 37.Ndc6+
R3xc6 38.Nxc6+ Bxc6 39.Rxa3 b4 40.Ra7+ Kf8 41.Ke3 b3 42.Kd4 Rb8 43.Rb2 h4 44.g4
Be8 45.Ra3 Rb4+ 46.Kc5 Rxf4 47.Rbxb3 Ba4 48.Rb4 Rxb4 49.Kxb4 Bd1 50.g5 Bf3 51.d4
Bg2 52.Kc5 Ke7 53.Kc6 Bf1 54.Rf3 Bg2 55.Rf4 Bxh3 56.Rxh4 Bf1 57.Rh8 Ba6 58.Ra8
Bd3 59.Ra7+ Kf8 60.Kd6 Bf5 61.Ra8+ Kg7 62.Ke7

[Event "I Torneo Cerrado Gipuzkoa Kirolak"]
[Site "Donostia"]
[Date "2010.12.28"]
[Round "5"]
[Board "1"]
[White "Gemy, Jose Daniel"]
[Black "Velten, Paul"]
[Result "1-0"]
[WhiteElo "2316"]
[BlackElo "2257"]
[PlyCount "0"]
[EventDate "2010.12.26"]
[EventRounds "9"]
[EventCountry "ESP"]

1.Nf3 d5 2.c4 c6 3.cxd5 cxd5 4.d4 Nf6 5.Nc3 a6 6.Bf4 e6 7.e3 Be7 8.Ne5 O-O 9.Bd3
b5 10.a3 Bb7 11.O-O Nbd7 12.Rc1 Nb6 13.a4 Nc4 14.Qe2 b4 15.Nb1 Nxe5 16.Bxe5 Bd6
17.f4 Ne4 18.Bxe4 dxe4 19.Bxd6 Qxd6 20.Rc5 Bd5 21.Rfc1 h6 22.Nd2 Ra7 23.Nc4 Qe7
24.Nb6 Rd8 25.Nc8 Rxc8 26.Rxc8+ Kh7 27.a5 Qd7 28.Qc2 Rb7 29.Rc5 b3 30.Qe2 Qd6
31.h4 g6 32.h5 g5 33.Rc8 f5 34.g3 Rg7 35.Kf2 gxf4 36.gxf4 Qe7 37.Rh1 Bb7 38.Rcc1
Qd8 39.Rh2 Qxa5 40.Rg2 Rd7 41.Kg1 Qd8 42.Qf2 Qe8 43.Qh4 Qf7 44.Rg6 Rc7 45.Rxc7

[Event "I Torneo Cerrado Gipuzkoa Kirolak"]
[Site "Donostia"]
[Date "2010.12.28"]
[Round "5"]
[Board "1"]
[White "Astasio Lopez, David"]
[Black "Gonzalez De La Torre, Santiago"]
[Result "1-0"]
[WhiteElo "2332"]
[BlackElo "2412"]
[PlyCount "0"]
[EventDate "2010.12.26"]
[EventRounds "9"]
[EventCountry "ESP"]

1.d4 Nf6 2.Nf3 d5 3.Nbd2 c5 4.e3 g6 5.dxc5 Qa5 6.a3 Qxc5 7.b4 Qc3 8.Rb1 Qc7
9.Bb2 Bg7 10.c4 dxc4 11.Bxc4 O-O 12.Rc1 Qd8 13.Qb3 e6 14.O-O Nbd7 15.Rfd1 Nb6
16.Bf1 Bd7 17.b5 a5 18.Bd4 a4 19.Qb2 Rc8 20.Rb1 Re8 21.e4 Nh5 22.Ne5 Bxe5
23.Bxe5 f6 24.Bc3 e5 25.Ba5 Re6 26.Qa2 Kg7 27.Nc4 Rxc4 28.Bxc4 Qe7 29.Rxd7

[Event "I Torneo Cerrado Gipuzkoa Kirolak"]
[Site "Donostia"]
[Date "2010.12.28"]
[Round "5"]
[Board "1"]
[White "Kovacevic, Slobodan"]
[Black "Martin Alvarez, Inigo"]
[Result "0-1"]
[WhiteElo "2330"]
[BlackElo "2292"]
[PlyCount "0"]
[EventDate "2010.12.26"]
[EventRounds "9"]
[EventCountry "ESP"]

1.d4 g6 2.c3 Bg7 3.Bg5 d6 4.e4 Nf6 5.Nd2 O-O 6.Ngf3 h6 7.Bh4 Qe8 8.a4 e5 9.dxe5
dxe5 10.a5 a6 11.Bc4 Nh5 12.O-O Nd7 13.b4 Nf4 14.Ne1 g5 15.Bg3 Nf6 16.Nc2 Qc6
17.f3 Rd8 18.Ne3 Be6 19.Bxe6 fxe6 20.Nec4 b5 21.axb6 cxb6 22.Rc1 N6h5 23.Bf2 Nd3
24.Bxb6 Rdb8 25.Be3 Nxc1 26.Qxc1 Nf4 27.Qc2 Rd8 28.Nb6 Rab8 29.Ndc4 Rxb6 30.Nxb6
Rd3 31.Bf2 Rxc3 32.Qa2 Rc1 33.Qxa6 Qc2 34.Na8 Qe2 35.Rxc1 Qxa6 36.Nc7 Ne2+
37.Kf1 Qd3 38.Re1 Nd4+ 39.Kg1 Qc4 40.Ne8 Bf8 41.Nf6+ Kg7 42.Nd7 Bd6 43.Nc5 Bxc5
44.bxc5 Qxc5 45.h3 Kg6 46.Kh1 h5 47.Bg3 g4 48.fxg4 hxg4 49.hxg4 Kg5 50.Bf2 Kxg4
51.Kh2 Qc2 52.Kg1 Ne2+ 53.Kf1 Nf4 54.Re3 Qc1+ 55.Re1 Qc4+ 56.Kg1 Ne2+ 57.Kf1
Nc1+ 58.Kg1 Nd3

[Event "I Torneo Cerrado Gipuzkoa Kirolak"]
[Site "Donostia"]
[Date "2010.12.28"]
[Round "5"]
[Board "1"]
[White "Argandona Riveiro, Inigo"]
[Black "Ramiro Ovejero, Juan Luis"]
[Result "1/2-1/2"]
[WhiteElo "2397"]
[BlackElo "2381"]
[PlyCount "0"]
[EventDate "2010.12.26"]
[EventRounds "9"]
[EventCountry "ESP"]

1.Nf3 d5 2.c4 d4 3.b4 Bg4 4.Qb3 f6 5.h3 Bh5 6.g4 Bf7 7.d3 e5 8.Bg2 Nd7 9.Bd2 Ne7
10.a4 a5 11.bxa5 c6 12.Nh4 Nc5 13.Qa3 g5 14.Nf5 Nxf5 15.gxf5 Qd7 16.Bb4 Na6
17.Bxf8 Rxf8 18.Nd2 Qe7 19.Ne4 Qxa3 20.Rxa3 Ke7 21.Kd2 Rfb8 22.h4 g4 23.Rb1 Be8
24.Rab3 Ra7 25.Rb6 Bd7 26.Ng3 Kd6 27.e3 Nc5 28.Ne4+ Nxe4+ 29.Bxe4 Rxa5 30.Rxb7
Rxb7 31.Rxb7 c5 32.Rb6+ Ke7 33.Rb8 Rxa4 34.Rh8 Ra2+ 35.Ke1 Ra1+ 36.Ke2 Ba4
37.Rxh7+ Kf8 38.exd4 exd4 39.Bd5 Bd1+ 40.Kd2 Bf3 41.Rf7+ Ke8 42.Rxf6 Ra2+ 43.Ke1
Ra1+ 44.Kd2 Ra2+ 45.Ke1 Ra1+

[Event "I Torneo Cerrado Gipuzkoa Kirolak"]
[Site "Donostia"]
[Date "2010.12.29"]
[Round "6"]
[Board "1"]
[White "Velten, Paul"]
[Black "Ramiro Ovejero, Juan Luis"]
[Result "0-1"]
[WhiteElo "2257"]
[BlackElo "2381"]
[PlyCount "0"]
[EventDate "2010.12.26"]
[EventRounds "9"]
[EventCountry "ESP"]

1.d4 d5 2.Nf3 Nf6 3.Bg5 Ne4 4.Bh4 c5 5.dxc5 Nc6 6.e3 g6 7.c3 Bg7 8.Bd3 Nxc5
9.Bc2 Qb6 10.Qc1 Qa6 11.Na3 Bf5 12.Bxf5 gxf5 13.Qc2 Nd3+ 14.Kd2 Ncb4 15.Qb3 Nxb2
16.Qxb4 Qxa3 17.Bxe7 Qxb4 18.Bxb4 b6 19.Kc2 Nc4 20.Nh4 Be5 21.Nxf5 Rg8 22.g4 a5
23.Be7 Rxg4 24.Rhg1 Rxg1 25.Rxg1 Kd7 26.Bh4 Rc8 27.Rd1 Ke6 28.Nd4+ Bxd4 29.exd4
f6 30.Rd3 Rg8 31.Bg3 Re8 32.Bh4 Kf5 33.h3 Re2+ 34.Kb1 Ke4 35.Rd1 f5